Responses for Show #3868 - Wednesday, May 30, 2001

Contestants

[<< previous game]

Katie Sunseri, a teacher of the visually impaired from New Orleans, Louisiana

David Thorne Scott, a musician from Somerville, Massachusetts

Bob Waterfall, an environmental engineer from Troy, New York (whose 1-day cash winnings total $8,399)

[next game >>]

Jeopardy! Round responses

ROBERT'S RULES OF ORDER
FOOD & DRINK
MUST BE "D" PLACE
MOVIE LAST LINES
BIRDIES
PLAYING CARD RHYME TIME
    $100 26
(David: What is the chief financial officer?)

the treasurer

BobDavid
    $100 1
Eggs

Katie
    $100 2
Diamond Head

Katie
    $100 9
My Fair Lady

Bob
    $100 21
Hummingbird

Bob
    $100 16
Mean queen

Katie
    $200 27
Committees

Bob
    $200 7
Wine

David
    $200 3
Darwin

Katie
    $200 12
A Streetcar Named Desire

Katie
    $200 22
Crow

Bob
    $200 17
Joker poker

Katie
    $300 28
Chair

Katie
    $300 8
Rabbit

Katie
    $500 4
Dublin (Irish Legislature)

Katie
    $300 13
(David: What is Close Encounters of the Third Kind?)

2001: A Space Odyssey

BobDavid
    $300 23
"Rockin' Robin"

Bob
    $300 18
King wing

Bob
    $400 29
Minutes

Bob
    $400 10
Squid

Bob
    $400 5
(David: What is Da Nang?)

Dien Bien Phu

BobDavid
    $400 14
True Grit

Bob
    $400 24
(Bob: What is a falcon?)

Seahawk

Bob
Triple Stumper
    $400 19
Slack jack

Bob
    $500 30
Recess

David
    $500 11
guineafowl

Triple Stumper
    $500 6
Decatur

Bob
    $500 15
Guess Who's Coming to Dinner

Katie
    $500 25
(Alex: Minute to go.)

Egret

Bob
    $500 20
Aces' braces

David

Scores at the first commercial break (after clue 15):

Bob David Katie
$2,100 -$500 $1,900

Scores at the end of the Jeopardy! Round:

Bob David Katie
$4,200 $400 $2,500

Double Jeopardy! Round responses

THE VERY MODE "L"
MAJOR GENERALS
VEGETABLE, ANIMAL OR MINERAL
THE KINGS OF ENGLAND
FIGHTS HISTORICAL
MATTERS MATHEMATICAL
    $200 3
Legroom

Katie
    $200 1
Colin Powell

Bob
    $200 8
Animal

Bob
    $200 9
(David: What is James?)

George

BobDavid
    $200 23
Joe Louis

Bob
    $200 14
Line

David
    $400 4
Lama

Katie
    $400 2
Abner Doubleday

Katie
    $400 17
Vegetable

David
    $400 10
France

David
    $400 24
(Alex: Minute to go.)

Oscar De La Hoya

Bob
    $400 15
Binomial

Bob
    $600 5
Legion

Bob
    $600 25
(David: What is 1945?)

1944

BobDavid
    $600 20
(David: What is a mineral?)

animal (antelope)

BobDavid
    $600 11
Henry VIII

Bob
    $1,500 28
(Bob: Who was Foreman?)

Joe Frazier

Bob
    $600 16
Infinity

Katie
    $800 6
Levites (Leviticus)

Bob
    $800 26
Anthony Wayne

Bob
    $800 21
Vegetable (eggplant)

Bob
    $800 12
Charles II

Bob
    $800 29
Jake LaMotta

Bob
    $800 18
-3

Bob
    $1000 7
Laissez-faire

Katie
    $1000 27
George McClellan

Bob
    $1000 22
Mineral

Katie
    $1,400 13
(Bob: Who was Edward VI?)

Edward VII

Bob
    $1000 30
Jack Johnson

Bob
    $1000 19
(Bob: What is... non-repeating?)

transcendental

Bob
Triple Stumper

Scores at the end of the Double Jeopardy! Round:

Bob David Katie
$11,100 $0 $6,100

[wagering suggestions for these scores]

Final Jeopardy! Round responses

FAMOUS NAMES
KatieWho is Rosa Parks?
$6,100
BobWho is Martin Luther King, Jr.?
$1,101
Rosa Parks

Final scores:

Bob David Katie
$9,999 $0 $12,200
2nd place: Trip to New York to see "Cabaret" on Broadway 3rd place: Meade ETX90 Telescope New champion: $12,200

Game dynamics:

Coryat scores:

Bob David Katie
$14,000 $0 $5,900
33 R,
4 W
(including 2 DDs)
6 R,
6 W
16 R
(including 1 DD),
0 W

Combined Coryat: $19,900

[game clues] [game scores] [suggest correction]

Game tape date: 2001-02-20
The J! Archive is created by fans, for fans. Scraping, republication, monetization, and malicious use prohibited; this site may use cookies and collect identifying information. See terms. The Jeopardy! game show and all elements thereof, including but not limited to copyright and trademark thereto, are the property of Jeopardy Productions, Inc. and are protected under law. This website is not affiliated with, sponsored by, or operated by Jeopardy Productions, Inc. Join the discussion at JBoard.tv.